| 000 | 00472pab a2200193 454500 | ||
|---|---|---|---|
| 008 | 180718b2005 xxu||||| |||| 00| 0 eng d | ||
| 100 | _aGroezen, Bas Van | ||
| 245 | _aServing the old: ageing and economic growth | ||
| 260 | _c2005 | ||
| 300 | _ap.647-63. | ||
| 362 | _aOct | ||
| 650 | _aOld age | ||
| 650 | _aEconomic growth | ||
| 650 | _aAgeing | ||
| 700 | _aVerbon, Harrie A.A. | ||
| 700 | _aMeijdam, Lex | ||
| 773 | _aOxford Economic Papers | ||
| 909 | _a68300 | ||
| 999 |
_c68300 _d68300 |
||